2010-11 UEFA Europa League Results - Statistics

General Stats
  • This quiz has been taken 198 times
  • The average score is 22 of 32
Answers on the Map
Answers color-coded by a green-red scale on the quiz's map according to % correct below.
 
Answer Stats
Club % Correct
๐Ÿ‡ณ๐Ÿ‡ฑ Ajax
90%
๐Ÿ‡ต๐Ÿ‡น Benfica
85%
๐Ÿ‡ต๐Ÿ‡น Porto
85%
๐Ÿ‡ท๐Ÿ‡บ CSKA Moscow
83%
๐Ÿ‡ช๐Ÿ‡ธ Sevilla
83%
๐Ÿ‡ณ๐Ÿ‡ฑ PSV Eindhoven
82%
๐Ÿ‡บ๐Ÿ‡ฆ Dynamo Kyiv
81%
๐Ÿด๓ ง๓ ข๓ ฅ๓ ฎ๓ ง๓ ฟ Manchester City
79%
๐Ÿ‡ต๐Ÿ‡น Braga
78%
๐Ÿด๓ ง๓ ข๓ ฅ๓ ฎ๓ ง๓ ฟ Liverpool
78%
๐Ÿ‡ต๐Ÿ‡น Sporting CP
78%
๐Ÿ‡ท๐Ÿ‡บ Zenit St Petersburg
77%
๐Ÿ‡จ๐Ÿ‡ฟ Sparta Prague
76%
๐Ÿ‡ซ๐Ÿ‡ท Paris Saint-Germain
73%
๐Ÿ‡ง๐Ÿ‡ช Anderlecht
72%
๐Ÿ‡จ๐Ÿ‡ญ Basel
71%
๐Ÿ‡ฉ๐Ÿ‡ช Bayer 04 Leverkusen
68%
๐Ÿ‡น๐Ÿ‡ท BeลŸiktaลŸ
67%
๐Ÿด๓ ง๓ ข๓ ณ๓ ฃ๓ ด๓ ฟ Rangers
66%
๐Ÿ‡ฎ๐Ÿ‡น Napoli
65%
๐Ÿ‡ซ๐Ÿ‡ท Lille
64%
๐Ÿ‡ช๐Ÿ‡ธ Villarreal
64%
๐Ÿ‡ท๐Ÿ‡บ Spartak Moscow
63%
๐Ÿ‡จ๐Ÿ‡ญ Young Boys
60%
๐Ÿ‡ง๐Ÿ‡พ BATE Borisov
59%
๐Ÿ‡ฌ๐Ÿ‡ท PAOK
58%
๐Ÿ‡ณ๐Ÿ‡ฑ Twente
52%
๐Ÿ‡ท๐Ÿ‡บ Rubin Kazan
50%
๐Ÿ‡ต๐Ÿ‡ฑ Lech Poznaล„
43%
๐Ÿ‡บ๐Ÿ‡ฆ Metalist Kharkiv
43%
๐Ÿ‡ฉ๐Ÿ‡ช Stuttgart
41%
๐Ÿ‡ฌ๐Ÿ‡ท Aris
38%
No matching quizzes found
Score Distribution
Percent of People with Each Score
Percentile by Number Answered
Your Score History
You have not taken this quiz